拼音以M开头的国家 Countries pinyin starting with M - Statistics

General Stats
  • This quiz has been taken 51 times
  • The average score is 15 of 19
Answer Stats
国家 % Correct
蒙古
90%
毛里塔尼亚
88%
美国
88%
马达加斯加
86%
马尔代夫
86%
毛里求斯
86%
摩尔多瓦
86%
摩洛哥
86%
摩纳哥
86%
马里
83%
莫桑比克
81%
马耳他
79%
马拉维
76%
马来西亚
76%
墨西哥
76%
孟加拉国
69%
马绍尔群岛
67%
缅甸
64%
密克罗尼西亚联邦
60%
No matching quizzes found
Score Distribution
Percent of People with Each Score
Percentile by Number Answered
Your Score History
You have not taken this quiz